[Event "DEM U12 2021"]
[Site "Willingen GER"]
[Date "2021.08.23"]
[Round "2"]
[White "Rückel, Felix"]
[Black "Meng, Yuxuan"]
[Result "0-1"]
[Termination "normal"]
[Board "28"]
[WhiteElo "994"]
[BlackElo "1495"]
[WhiteClock "00:33:23"]
[BlackClock "00:19:52"]
[PlyCount "124"]
[WhiteFideId "34608826"]
[BlackFideId "16258231"]
[EventCountry "GER"]
[EventRounds "9"]
[EventType "swiss"]
[EventDate "2021.08.22"]

1. e4 {[%clk 01:30:56]} {[%emt 00:00:01]} c5 {[%clk 01:30:49]} {[%emt
00:00:13]} 2. Nf3 {[%clk 01:31:04]} {[%emt 00:00:22]} e6 {[%clk 01:31:14]}
{[%emt 00:00:06]} 3. c3 {[%clk 01:29:11]} {[%emt 00:02:23]} Nf6 {[%clk
01:30:26]} {[%emt 00:01:18]} 4. e5 {[%clk 01:28:31]} {[%emt 00:01:11]} Nd5
{[%clk 01:30:44]} {[%emt 00:00:11]} 5. c4 {[%clk 01:28:26]} {[%emt 00:00:36]}
Ne7 {[%clk 01:29:47]} {[%emt 00:01:26]} 6. b3 {[%clk 01:27:41]} {[%emt
00:01:15]} Nbc6 {[%clk 01:29:22]} {[%emt 00:00:55]} 7. Bb2 {[%clk 01:27:22]}
{[%emt 00:00:51]} Nf5 {[%clk 01:27:39]} {[%emt 00:02:12]} 8. Bd3 {[%clk
01:19:57]} {[%emt 00:07:55]} Nfd4 {[%clk 01:25:39]} {[%emt 00:02:31]} 9. Nxd4
{[%clk 01:17:02]} {[%emt 00:03:25]} cxd4 {[%clk 01:24:46]} {[%emt 00:01:23]}
10. f4 {[%clk 01:12:57]} {[%emt 00:04:35]} Qh4+ {[%clk 01:23:51]} {[%emt
00:01:24]} 11. g3 {[%clk 01:12:46]} {[%emt 00:00:41]} Qd8 {[%clk 01:23:48]}
{[%emt 00:00:32]} 12. O-O {[%clk 01:06:56]} {[%emt 00:06:20]} b6 {[%clk
01:22:27]} {[%emt 00:01:52]} 13. Be4 {[%clk 01:05:29]} {[%emt 00:01:57]} Bc5
{[%clk 01:21:08]} {[%emt 00:01:49]} 14. d3 {[%clk 01:03:03]} {[%emt 00:02:56]}
Rb8 {[%clk 01:16:41]} {[%emt 00:04:57]} 15. Qf3 {[%clk 00:57:02]} {[%emt
00:06:30]} Bb7 {[%clk 01:15:16]} {[%emt 00:01:56]} 16. Bxc6 {[%clk 00:54:47]}
{[%emt 00:02:45]} Bxc6 {[%clk 01:14:54]} {[%emt 00:00:53]} 17. Qf2 {[%clk
00:54:00]} {[%emt 00:01:16]} h5 {[%clk 01:12:24]} {[%emt 00:02:59]} 18. Bxd4
{[%clk 00:53:05]} {[%emt 00:01:25]} Bxd4 {[%clk 01:02:18]} {[%emt 00:10:37]}
19. Qxd4 {[%clk 00:53:15]} {[%emt 00:00:20]} h4 {[%clk 01:01:46]} {[%emt
00:01:02]} 20. Qf2 {[%clk 00:51:03]} {[%emt 00:02:41]} Bb7 {[%clk 00:58:46]}
{[%emt 00:03:30]} 21. f5 {[%clk 00:48:58]} {[%emt 00:02:36]} Qc7 {[%clk
00:54:09]} {[%emt 00:05:06]} 22. fxe6 {[%clk 00:46:58]} {[%emt 00:02:30]} dxe6
{[%clk 00:54:23]} {[%emt 00:00:17]} 23. Nd2 {[%clk 00:42:45]} {[%emt 00:04:43]}
hxg3 {[%clk 00:52:13]} {[%emt 00:02:39]} 24. Qxg3 {[%clk 00:42:25]} {[%emt
00:00:50]} Rh6 {[%clk 00:48:07]} {[%emt 00:04:36]} 25. Kf2 {[%clk 00:39:43]}
{[%emt 00:03:12]} f6 {[%clk 00:36:15]} {[%emt 00:12:22]} 26. exf6 {[%clk
00:38:04]} {[%emt 00:02:09]} Rxh2+ {[%clk 00:36:28]} {[%emt 00:00:17]} 27. Qxh2
{[%clk 00:36:58]} {[%emt 00:01:36]} Qxh2+ {[%clk 00:36:52]} {[%emt 00:00:06]}
28. Ke1 {[%clk 00:36:59]} {[%emt 00:00:17]} gxf6 {[%clk 00:35:42]} {[%emt
00:01:51]} 29. Kd1 {[%clk 00:36:17]} {[%emt 00:01:12]} Ke7 {[%clk 00:34:03]}
{[%emt 00:02:10]} 30. Kc2 {[%clk 00:36:28]} {[%emt 00:00:19]} f5 {[%clk
00:31:56]} {[%emt 00:02:36]} 31. Rae1 {[%clk 00:36:33]} {[%emt 00:00:25]} Rf8
{[%clk 00:31:05]} {[%emt 00:01:21]} 32. Kd1 {[%clk 00:35:48]} {[%emt 00:01:15]}
f4 {[%clk 00:28:49]} {[%emt 00:02:46]} 33. Re2 {[%clk 00:35:40]} {[%emt
00:00:38]} Qg3 {[%clk 00:28:15]} {[%emt 00:01:03]} 34. Rfe1 {[%clk 00:35:12]}
{[%emt 00:00:58]} Qg4 {[%clk 00:26:21]} {[%emt 00:02:24]} 35. Kc2 {[%clk
00:35:09]} {[%emt 00:00:34]} Rh8 {[%clk 00:20:24]} {[%emt 00:06:27]} 36. Rxe6+
{[%clk 00:34:53]} {[%emt 00:00:46]} Qxe6 {[%clk 00:20:44]} {[%emt 00:00:11]}
37. Rxe6+ {[%emt 00:00:13]} Kxe6 {[%emt 00:00:06]} 38. d4 {[%clk 00:34:31]}
{[%emt 00:00:32]} Bg2 {[%clk 00:20:04]} {[%emt 00:01:10]} 39. Kd3 {[%clk
00:33:42]} {[%emt 00:01:15]} Rd8 {[%clk 00:16:28]} {[%emt 00:04:09]} 40. d5+
{[%clk 00:33:48]} {[%emt 00:00:25]} Ke5 {[%clk 00:16:37]} {[%emt 00:00:21]} 41.
Ke2 {[%clk 00:33:58]} {[%emt 00:00:20]} Kd4 {[%clk 00:15:28]} {[%emt 00:01:38]}
42. a3 {[%clk 00:32:43]} {[%emt 00:01:46]} f3+ {[%clk 00:14:08]} {[%emt
00:01:50]} 43. Nxf3+ {[%clk 00:32:33]} {[%emt 00:00:40]} Bxf3+ {[%clk
00:14:31]} {[%emt 00:00:08]} 44. Kxf3 {[%clk 00:32:58]} {[%emt 00:00:04]} Kc3
{[%clk 00:14:46]} {[%emt 00:00:14]} 45. Ke4 {[%clk 00:32:22]} {[%emt 00:01:07]}
Kxb3 {[%clk 00:15:04]} {[%emt 00:00:12]} 46. Ke5 {[%clk 00:32:16]} {[%emt
00:00:36]} Kxc4 {[%clk 00:15:24]} {[%emt 00:00:11]} 47. d6 {[%clk 00:32:33]}
{[%emt 00:00:13]} Kc5 {[%clk 00:15:42]} {[%emt 00:00:12]} 48. Ke4 {[%clk
00:32:05]} {[%emt 00:00:58]} Rxd6 {[%clk 00:16:03]} {[%emt 00:00:10]} 49. Ke3
{[%clk 00:32:16]} {[%emt 00:00:18]} Kc4 {[%clk 00:15:24]} {[%emt 00:01:09]} 50.
a4 {[%clk 00:32:17]} {[%emt 00:00:30]} a5 {[%clk 00:15:48]} {[%emt 00:00:07]}
51. Ke2 {[%clk 00:32:34]} {[%emt 00:00:12]} Kc3 {[%clk 00:16:12]} {[%emt
00:00:06]} 52. Ke3 {[%clk 00:32:44]} {[%emt 00:00:19]} Re6 {[%clk 00:16:29]}
{[%emt 00:00:13]} 53. Kf3 {[%clk 00:33:05]} {[%emt 00:00:10]} Kd4 {[%clk
00:16:53]} {[%emt 00:00:06]} 54. Kg4 {[%clk 00:33:17]} {[%emt 00:00:13]} Rf6
{[%clk 00:17:19]} {[%emt 00:00:09]} 55. Kh5 {[%clk 00:33:36]} {[%emt 00:00:11]}
Rf1 {[%clk 00:17:27]} {[%emt 00:00:22]} 56. Kh4 {[%clk 00:33:54]} {[%emt
00:00:12]} Rg1 {[%clk 00:17:50]} {[%emt 00:00:07]} 57. Kh3 {[%clk 00:34:11]}
{[%emt 00:00:13]} Ke4 {[%clk 00:17:56]} {[%emt 00:00:24]} 58. Kh2 {[%clk
00:34:19]} {[%emt 00:00:21]} Rg8 {[%clk 00:18:19]} {[%emt 00:00:07]} 59. Kh3
{[%clk 00:34:20]} {[%emt 00:00:22]} Kf4 {[%clk 00:18:46]} {[%emt 00:00:11]} 60.
Kh2 {[%clk 00:34:09]} {[%emt 00:00:41]} Kf3 {[%clk 00:19:10]} {[%emt 00:00:07]}
61. Kh1 {[%clk 00:33:15]} {[%emt 00:01:23]} Kf2 {[%clk 00:19:28]} {[%emt
00:00:13]} 62. Kh2 {[%clk 00:33:23]} {[%emt 00:00:22]} Rh8 {[%clk 00:19:52]}
{[%emt 00:00:05]} 0-1

[Event "DEM U12 2021"]
[Site "Willingen GER"]
[Date "2021.08.25"]
[Round "4"]
[White "Helms, Finn"]
[Black "Malinowsky, Levi"]
[Result "1-0"]
[Termination "normal"]
[Board "1"]
[WhiteElo "1972"]
[BlackElo "1593"]
[WhiteClock "00:34:59"]
[BlackClock "00:30:13"]
[PlyCount "117"]
[WhiteFideId "16249143"]
[BlackFideId "16253094"]
[EventCountry "GER"]
[EventRounds "9"]
[EventType "swiss"]
[EventDate "2021.08.22"]

1. e4 {[%clk 01:30:27]} {[%emt 00:00:32]} e6 {[%clk 01:30:34]} {[%emt
00:00:26]} 2. d4 {[%clk 01:30:35]} {[%emt 00:00:22]} d5 {[%clk 01:30:40]}
{[%emt 00:00:23]} 3. Nd2 {[%clk 01:30:53]} {[%emt 00:00:12]} dxe4 {[%clk
01:30:23]} {[%emt 00:00:49]} 4. Nxe4 {[%clk 01:31:20]} {[%emt 00:00:02]} Bd7
{[%clk 01:29:48]} {[%emt 00:01:06]} 5. Nf3 {[%clk 01:29:11]} {[%emt 00:02:39]}
Bc6 {[%clk 01:29:12]} {[%emt 00:01:06]} 6. Bd3 {[%clk 01:27:23]} {[%emt
00:02:18]} Nd7 {[%clk 01:28:13]} {[%emt 00:01:29]} 7. O-O {[%clk 01:25:56]}
{[%emt 00:01:56]} Be7 {[%clk 01:27:24]} {[%emt 00:01:19]} 8. Re1 {[%clk
01:21:10]} {[%emt 00:05:17]} Bxe4 {[%clk 01:24:49]} {[%emt 00:03:06]} 9. Bxe4
{[%clk 01:21:31]} {[%emt 00:00:09]} c6 {[%clk 01:25:04]} {[%emt 00:00:15]} 10.
Bf4 {[%clk 01:18:52]} {[%emt 00:03:08]} Ngf6 {[%clk 01:24:25]} {[%emt
00:01:09]} 11. Bd3 {[%clk 01:17:05]} {[%emt 00:02:18]} O-O {[%clk 01:22:37]}
{[%emt 00:02:18]} 12. Ne5 {[%clk 01:06:34]} {[%emt 00:11:01]} Nxe5 {[%clk
01:17:56]} {[%emt 00:05:11]} 13. dxe5 {[%clk 01:06:36]} {[%emt 00:00:28]} Nd5
{[%clk 01:15:57]} {[%emt 00:02:29]} 14. Qg4 {[%clk 01:03:58]} {[%emt 00:03:06]}
Nxf4 {[%clk 01:14:37]} {[%emt 00:01:50]} 15. Qxf4 {[%clk 01:04:27]} {[%emt
00:00:02]} g6 {[%clk 01:02:41]} {[%emt 00:12:27]} 16. Rad1 {[%clk 01:03:39]}
{[%emt 00:01:17]} Bg5 {[%clk 01:02:18]} {[%emt 00:00:53]} 17. Qg4 {[%clk
01:02:48]} {[%emt 00:01:21]} Qe7 {[%clk 01:01:11]} {[%emt 00:01:37]} 18. f4
{[%clk 01:01:39]} {[%emt 00:01:39]} Bh4 {[%clk 00:57:43]} {[%emt 00:03:57]} 19.
Rf1 {[%clk 00:58:29]} {[%emt 00:03:39]} Rad8 {[%clk 00:54:30]} {[%emt
00:03:44]} 20. Kh1 {[%clk 00:57:53]} {[%emt 00:01:05]} c5 {[%clk 00:43:46]}
{[%emt 00:11:14]} 21. g3 {[%clk 00:55:34]} {[%emt 00:02:49]} c4 {[%clk
00:44:02]} {[%emt 00:00:14]} 22. Be2 {[%clk 00:53:20]} {[%emt 00:02:44]} Rxd1
{[%clk 00:43:06]} {[%emt 00:01:27]} 23. Rxd1 {[%clk 00:50:05]} {[%emt
00:03:44]} Rd8 {[%clk 00:42:44]} {[%emt 00:00:52]} 24. gxh4 {[%clk 00:49:54]}
{[%emt 00:00:41]} Rxd1+ {[%clk 00:42:54]} {[%emt 00:00:21]} 25. Bxd1 {[%clk
00:50:23]} Qd7 {[%clk 00:42:55]} {[%emt 00:00:28]} 26. h5 {[%clk 00:49:30]}
{[%emt 00:01:23]} Qd2 {[%clk 00:41:36]} {[%emt 00:01:49]} 27. h6 {[%clk
00:49:00]} {[%emt 00:01:00]} Qe1+ {[%clk 00:41:24]} {[%emt 00:00:42]} 28. Kg2
{[%clk 00:49:27]} {[%emt 00:00:03]} Qd2+ {[%clk 00:41:16]} {[%emt 00:00:38]}
29. Kh3 {[%clk 00:49:01]} {[%emt 00:00:55]} Qe3+ {[%clk 00:40:21]} {[%emt
00:01:26]} 30. Qf3 {[%clk 00:49:23]} {[%emt 00:00:07]} Qb6 {[%clk 00:40:20]}
{[%emt 00:00:31]} 31. b3 {[%clk 00:48:41]} {[%emt 00:01:13]} cxb3 {[%clk
00:40:05]} {[%emt 00:00:45]} 32. Qc3 {[%clk 00:47:35]} {[%emt 00:01:36]} Qd8
{[%clk 00:39:15]} {[%emt 00:01:18]} 33. cxb3 {[%clk 00:47:50]} {[%emt
00:00:17]} Qf8 {[%clk 00:38:51]} {[%emt 00:00:52]} 34. Kg3 {[%clk 00:47:21]}
{[%emt 00:01:00]} g5 {[%clk 00:37:36]} {[%emt 00:01:46]} 35. fxg5 {[%clk
00:47:00]} {[%emt 00:00:52]} Qd8 {[%clk 00:37:42]} {[%emt 00:00:22]} 36. Qf3
{[%clk 00:45:48]} {[%emt 00:01:43]} Qd4 {[%clk 00:37:17]} {[%emt 00:00:53]} 37.
Kh3 {[%clk 00:41:36]} {[%emt 00:04:44]} Kf8 {[%clk 00:35:52]} {[%emt 00:01:56]}
38. Bc2 {[%clk 00:37:17]} {[%emt 00:04:49]} Qd2 {[%clk 00:33:12]} {[%emt
00:03:09]} 39. Qd3 {[%clk 00:35:28]} {[%emt 00:02:20]} Qxg5 {[%clk 00:31:57]}
{[%emt 00:01:45]} 40. Qd6+ {[%clk 00:35:01]} {[%emt 00:00:58]} Ke8 {[%clk
00:31:47]} {[%emt 00:00:39]} 41. Qb8+ {[%clk 00:35:23]} {[%emt 00:00:10]} Ke7
{[%clk 00:31:46]} {[%emt 00:00:29]} 42. Qxb7+ {[%clk 00:35:49]} {[%emt
00:00:06]} Ke8 {[%clk 00:32:06]} {[%emt 00:00:08]} 43. Qa8+ {[%clk 00:35:59]}
{[%emt 00:00:21]} Ke7 {[%clk 00:32:20]} {[%emt 00:00:15]} 44. Qxa7+ {[%clk
00:36:25]} {[%emt 00:00:05]} Ke8 {[%clk 00:32:40]} {[%emt 00:00:08]} 45. Qa4+
{[%clk 00:36:40]} {[%emt 00:00:18]} Kf8 {[%clk 00:32:51]} {[%emt 00:00:17]} 46.
Qa8+ {[%clk 00:32:44]} {[%emt 00:04:28]} Ke7 {[%clk 00:33:01]} {[%emt
00:00:19]} 47. Qb7+ {[%clk 00:33:03]} {[%emt 00:00:13]} Ke8 {[%clk 00:32:50]}
{[%emt 00:00:39]} 48. Qc8+ {[%clk 00:33:17]} {[%emt 00:00:17]} Ke7 {[%clk
00:33:06]} {[%emt 00:00:14]} 49. Qc5+ {[%clk 00:33:38]} {[%emt 00:00:09]} Ke8
{[%clk 00:33:11]} {[%emt 00:00:24]} 50. a4 {[%clk 00:33:04]} {[%emt 00:01:04]}
f5 {[%clk 00:31:57]} {[%emt 00:01:44]} 51. Qc8+ {[%clk 00:31:52]} {[%emt
00:01:43]} Ke7 {[%clk 00:31:55]} {[%emt 00:00:30]} 52. Qc7+ {[%clk 00:32:19]}
{[%emt 00:00:05]} Ke8 {[%clk 00:32:12]} {[%emt 00:00:11]} 53. Qc6+ {[%clk
00:32:43]} {[%emt 00:00:07]} Kd8 {[%clk 00:32:03]} {[%emt 00:00:38]} 54. Qd6+
{[%clk 00:33:06]} {[%emt 00:00:07]} Kc8 {[%clk 00:32:11]} {[%emt 00:00:23]} 55.
Qxe6+ {[%clk 00:33:22]} {[%emt 00:00:14]} Kb8 {[%clk 00:32:10]} {[%emt
00:00:29]} 56. Qe8+ {[%clk 00:33:44]} {[%emt 00:00:09]} Kc7 {[%clk 00:31:38]}
{[%emt 00:01:01]} 57. Qf7+ {[%clk 00:34:07]} {[%emt 00:00:09]} Kb8 {[%clk
00:31:33]} {[%emt 00:00:34]} 58. Qf8+ {[%clk 00:34:34]} {[%emt 00:00:04]} Ka7
{[%clk 00:30:13]} {[%emt 00:01:50]} 59. Qg7+ {[%clk 00:34:59]} {[%emt
00:00:05]} 1-0

[Event "DEM U12 2021"]
[Site "Willingen GER"]
[Date "2021.08.25"]
[Round "4"]
[White "Torosyan, Bagrat"]
[Black "Besou, Hussain"]
[Result "0-1"]
[Termination "normal"]
[Board "2"]
[WhiteElo "1598"]
[BlackElo "1856"]
[WhiteClock "00:16:31"]
[BlackClock "00:23:01"]
[PlyCount "118"]
[WhiteFideId "16258134"]
[BlackFideId "16269950"]
[EventCountry "GER"]
[EventRounds "9"]
[EventType "swiss"]
[EventDate "2021.08.22"]

1. d4 {[%clk 01:30:56]} {[%emt 00:00:02]} Nf6 {[%clk 01:30:52]} {[%emt
00:00:09]} 2. c4 {[%clk 01:31:22]} {[%emt 00:00:06]} e6 {[%clk 01:31:16]}
{[%emt 00:00:05]} 3. Nc3 {[%clk 01:31:45]} {[%emt 00:00:06]} Bb4 {[%clk
01:31:40]} {[%emt 00:00:06]} 4. Qc2 {[%clk 01:32:12]} {[%emt 00:00:04]} c5
{[%clk 01:29:59]} {[%emt 00:02:11]} 5. dxc5 {[%clk 01:32:21]} {[%emt 00:00:21]}
Na6 {[%clk 01:30:21]} {[%emt 00:00:09]} 6. Bg5 {[%clk 01:26:02]} {[%emt
00:06:48]} h6 {[%clk 01:30:22]} {[%emt 00:00:29]} 7. Bh4 {[%clk 01:26:01]}
{[%emt 00:00:31]} Qa5 {[%clk 01:23:55]} {[%emt 00:06:57]} 8. Bxf6 {[%clk
01:23:55]} {[%emt 00:02:36]} gxf6 {[%clk 01:24:15]} {[%emt 00:00:10]} 9. g3
{[%clk 01:23:08]} {[%emt 00:01:17]} Nxc5 {[%clk 01:24:02]} {[%emt 00:00:42]}
10. Bg2 {[%clk 01:23:21]} {[%emt 00:00:18]} d6 {[%clk 01:18:19]} {[%emt
00:06:14]} 11. e3 {[%clk 01:22:51]} {[%emt 00:01:01]} Bxc3+ {[%clk 01:18:13]}
{[%emt 00:00:36]} 12. Qxc3 {[%clk 01:22:17]} {[%emt 00:01:04]} Qxc3+ {[%clk
01:18:34]} {[%emt 00:00:08]} 13. bxc3 {[%clk 01:22:41]} {[%emt 00:00:06]} Bd7
{[%clk 01:18:15]} {[%emt 00:00:49]} 14. Rb1 {[%clk 01:22:35]} {[%emt 00:00:37]}
Rc8 {[%clk 01:17:15]} {[%emt 00:01:29]} 15. Kd2 {[%clk 01:18:21]} {[%emt
00:04:43]} Bc6 {[%clk 01:14:37]} {[%emt 00:03:08]} 16. Bxc6+ {[%clk 01:18:17]}
{[%emt 00:00:36]} Rxc6 {[%clk 01:15:01]} {[%emt 00:00:06]} 17. f3 {[%clk
01:18:36]} {[%emt 00:00:11]} Ra6 {[%clk 01:13:10]} {[%emt 00:02:35]} 18. Rb2
{[%clk 01:18:43]} {[%emt 00:00:09]} Ra4 {[%clk 01:13:05]} {[%emt 00:01:04]} 19.
Ne2 {[%clk 01:15:59]} {[%emt 00:02:45]} Rxc4 {[%clk 01:11:45]} {[%emt
00:01:49]} 20. Nd4 {[%clk 01:15:32]} {[%emt 00:00:57]} Ra4 {[%clk 01:11:33]}
{[%emt 00:00:42]} 21. e4 {[%clk 01:11:56]} {[%emt 00:04:06]} Ke7 {[%clk
01:09:32]} {[%emt 00:02:31]} 22. Rd1 {[%clk 01:06:51]} {[%emt 00:05:36]} Rc8
{[%clk 01:08:56]} {[%emt 00:01:06]} 23. Kc2 {[%clk 00:58:57]} {[%emt 00:08:24]}
a6 {[%clk 01:07:25]} {[%emt 00:02:01]} 24. Nb3 {[%clk 00:52:08]} {[%emt
00:07:19]} b5 {[%clk 01:06:33]} {[%emt 00:01:22]} 25. Nxc5 {[%clk 00:50:41]}
{[%emt 00:01:57]} Rxc5 {[%clk 01:06:45]} {[%emt 00:00:17]} 26. Kb3 {[%clk
00:47:42]} {[%emt 00:03:30]} Rac4 {[%clk 01:03:59]} {[%emt 00:03:04]} 27. Rd3
{[%clk 00:45:01]} {[%emt 00:03:23]} f5 {[%clk 01:01:20]} {[%emt 00:03:09]} 28.
Rbd2 {[%clk 00:43:50]} {[%emt 00:01:41]} fxe4 {[%clk 01:01:25]} {[%emt
00:00:26]} 29. fxe4 {[%clk 00:43:54]} {[%emt 00:00:25]} Rc6 {[%clk 01:01:21]}
{[%emt 00:00:34]} 30. Re3 {[%clk 00:42:54]} {[%emt 00:01:30]} a5 {[%clk
00:52:48]} {[%emt 00:09:04]} 31. a3 {[%clk 00:40:58]} {[%emt 00:02:26]} Rc7
{[%clk 00:51:07]} {[%emt 00:02:10]} 32. Rf2 {[%clk 00:37:39]} {[%emt 00:03:49]}
Rd7 {[%clk 00:50:01]} {[%emt 00:01:37]} 33. Ref3 {[%clk 00:36:31]} {[%emt
00:01:38]} Kf8 {[%clk 00:50:18]} {[%emt 00:00:13]} 34. Rf4 {[%clk 00:35:45]}
{[%emt 00:01:17]} Rc5 {[%clk 00:44:28]} {[%emt 00:06:20]} 35. h4 {[%clk
00:30:47]} {[%emt 00:05:28]} Rb7 {[%clk 00:40:49]} {[%emt 00:04:09]} 36. Rg4
{[%clk 00:28:51]} {[%emt 00:02:25]} Rbc7 {[%clk 00:40:51]} {[%emt 00:00:28]}
37. Rf3 {[%clk 00:27:57]} {[%emt 00:01:24]} Rc4 {[%clk 00:34:07]} {[%emt
00:07:13]} 38. Rgf4 {[%clk 00:26:52]} {[%emt 00:01:34]} h5 {[%clk 00:31:35]}
{[%emt 00:03:03]} 39. Re3 {[%clk 00:25:41]} {[%emt 00:01:41]} Rd7 {[%clk
00:24:47]} {[%emt 00:07:18]} 40. e5 {[%clk 00:18:43]} {[%emt 00:07:28]} d5
{[%clk 00:20:47]} {[%emt 00:04:30]} 41. Rd4 {[%clk 00:17:00]} {[%emt 00:02:12]}
Rxd4 {[%clk 00:20:46]} {[%emt 00:00:32]} 42. cxd4 {[%clk 00:17:21]} {[%emt
00:00:09]} Rc7 {[%clk 00:21:12]} {[%emt 00:00:04]} 43. g4 {[%clk 00:16:33]}
{[%emt 00:01:17]} Rc4 {[%clk 00:18:25]} {[%emt 00:03:17]} 44. gxh5 {[%clk
00:15:58]} {[%emt 00:01:06]} Rxd4 {[%clk 00:18:48]} {[%emt 00:00:07]} 45. Rg3
{[%clk 00:15:55]} {[%emt 00:00:32]} Rxh4 {[%clk 00:19:11]} {[%emt 00:00:06]}
46. Rg5 {[%clk 00:16:18]} {[%emt 00:00:08]} Rh3+ {[%clk 00:19:18]} {[%emt
00:00:23]} 47. Kb2 {[%clk 00:16:31]} {[%emt 00:00:18]} d4 {[%clk 00:19:27]}
{[%emt 00:00:21]} 48. a4 {[%clk 00:14:06]} {[%emt 00:02:54]} bxa4 {[%clk
00:19:39]} {[%emt 00:00:19]} 49. Rg4 {[%clk 00:14:08]} {[%emt 00:00:27]} Rxh5
{[%clk 00:20:02]} {[%emt 00:00:06]} 50. Rxd4 {[%clk 00:14:29]} {[%emt
00:00:09]} Rxe5 {[%clk 00:20:28]} {[%emt 00:00:05]} 51. Rxa4 {[%clk 00:14:48]}
{[%emt 00:00:11]} f5 {[%clk 00:20:49]} {[%emt 00:00:08]} 52. Kc3 {[%clk
00:15:12]} {[%emt 00:00:06]} Kf7 {[%clk 00:21:11]} {[%emt 00:00:08]} 53. Ra1
{[%clk 00:15:22]} {[%emt 00:00:19]} Kf6 {[%clk 00:21:28]} {[%emt 00:00:15]} 54.
Kd4 {[%clk 00:15:46]} {[%emt 00:00:05]} Re4+ {[%clk 00:21:52]} {[%emt
00:00:06]} 55. Kd3 {[%clk 00:16:11]} {[%emt 00:00:05]} a4 {[%clk 00:22:17]}
{[%emt 00:00:05]} 56. Ra2 {[%clk 00:15:57]} {[%emt 00:00:44]} Ke5 {[%clk
00:22:41]} {[%emt 00:00:06]} 57. Rb2 {[%clk 00:15:56]} {[%emt 00:00:31]} a3
{[%clk 00:22:36]} {[%emt 00:00:36]} 58. Ra2 {[%clk 00:16:17]} {[%emt 00:00:08]}
Kf4 {[%clk 00:23:01]} {[%emt 00:00:05]} 59. Kd2 {[%clk 00:16:31]} {[%emt
00:00:15]} Re3 {[%emt 00:00:58]} 0-1